Pixar Movies Trivia #2 - Statistics

General Stats
  • This quiz has been taken 92 times
  • The average score is 13 of 20
Answer Stats
Hint Answer % Correct
What film is about love between water and fire? Elemental
87%
Which Mexican holiday is depicted in the film Coco? Day of the Dead
86%
Which planet is WALL-E tasked with cleaning up? Earth
86%
Complete the quote: "There’s a _____ in my boot!" Snake
86%
Name an emotion featured in Inside Out 2, but NOT in Inside Out. Anxiety, Envy, Embarrassment, Ennui(Nostalgia)
85%
What's the name of the cooking rat in Ratatouille? Remy
85%
What's the name of the little girl in pink nightshirt in Monsters Inc.? Boo (Mary)
82%
What is Helen Parr's superhero name? Elastigirl
79%
Which television host and comedian voices the fish Dory? Ellen DeGeneres
78%
Which Pixar film takes place in Sydney, Australia? Finding Nemo
74%
In which franchise do the characters Luigi and Guido appear? Cars
68%
What fictional pizza restaurant truck appears in almost every Pixar film? Pizza {Planet} truck
67%
What animal species is Flik? Ant
65%
Who was the pink, fluffy villain in Toy Story 3? Lotso
65%
What are Dante, Dug and Scud? Dogs
62%
Which 2020 film featured two elf brothers embarking on a quest? Onward
62%
Which little boy wishes to be abducted by aliens? Elio
49%
Which singer and composer has scored nine Pixar feature films? Randy Newman
27%
Into which robot does the heroine get transferred, in Hoppers? Beaver
26%
Name a director who directed at least 4 Pixar films (2 valid answers) John Lasseter (5), Pete Docter (4)
16%
No matching quizzes found
Score Distribution
Percent of People with Each Score
Percentile by Number Answered
Your Score History
You have not taken this quiz